शुद्ध मन की ओर / (Record no. 62599)
[ view plain ]
| 000 -LEADER | |
|---|---|
| fixed length control field | 00647nam a22001937a 4500 |
| 005 - DATE AND TIME OF LATEST TRANSACTION | |
| control field | 20181116133847.0 |
| 010 ## - LCCN (DPL NO) | |
| LC control number | B-015501 |
| 020 ## - INTERNATIONAL STANDARD BOOK NUMBER | |
| Terms of availability | 125.00 |
| International Standard Book Number | 8173153418 |
| 035 ## - SYSTEM CONTROL NUMBER | |
| System control number | B-015479 ,B-015501 |
| 037 ## - SOURCE OF ACQUISITION | |
| Source of stock number/acquisition | |
| Stock number | dpl |
| 082 ## - DEWEY DECIMAL CLASSIFICATION NUMBER | |
| Classification number | 181.493 |
| 100 ## - MAIN ENTRY--PERSONAL NAME | |
| Personal name | दलाई लामा |
| 245 1# - TITLE STATEMENT | |
| Title | शुद्ध मन की ओर / |
| Statement of responsibility, etc | दलाई लामा |
| 260 ## - PUBLICATION, DISTRIBUTION, ETC. (IMPRINT) | |
| Place of publication, distribution, etc | दिल्ली |
| Name of publisher, distributor, etc | प्रभात प्रकाशन |
| Date of publication, distribution, etc | 2000 |
| 270 ## - ADDRESS | |
| Address | |
| City | |
| Postal code | |
| Telephone number | |
| 300 ## - PHYSICAL DESCRIPTION | |
| Extent | 122पृ. |
| Dimensions | 22सेमी (सजिल्द) |
| 942 ## - ADDED ENTRY ELEMENTS (KOHA) | |
| Institution code [OBSOLETE] | dpl |
| Item type | Hindi Books |
| Call number prefix | |
| Source of classification or shelving scheme | Dewey Decimal Classification |
| Classification part | 181.493 |
| Call number suffix | दलाई |
| Withdrawn status | Lost status | Not for loan | Collection code | Home library | Current library | Date acquired | Cost, normal purchase price | Full call number | Barcode | Cost, replacement price | Koha item type | Source of acquisition | Copy number |
|---|---|---|---|---|---|---|---|---|---|---|---|---|---|
| Non-fiction | R.C.Libraries (zls) | R.C.Libraries (zls) | 16/11/2018 | 125.00 | 181.493 दलाई | B-015501 | 125.00 | Hindi Books | 1. | ||||
| Non-fiction | Sarojini Nagar | Sarojini Nagar | 13/02/2012 | 125.00 | 181.493 दलाई | B-15479 | 125.00 | Hindi Books | |||||
| Sarojini Nagar | Sarojini Nagar | 24/08/2024 | 125.00 | 181.493 दलाई | B-15500 | 125.00 | Hindi Books | ||||||
| Non-fiction | Tri Nagar | Tri Nagar | 14/08/2018 | 125.00 | 181.493 दलाई | B-015497 | 125.00 | Hindi Books | BPPD/PUB |
